Logo BPK

Biblioteka

Politechniki Koszalińskiej

Tworzywa konstrukcyjne nowej generacji : (Rekord nr 32683)

Szczegóły MARC
000 -ETYKIETA REKORDU
podpole kontrolne o stałej długości 01138nam a2200289 i 4500
001 - NUMER KONTROLNY REKORDU
pole kontrolne bg
020 ## - MIĘDZYNARODOWY ZNORMALIZOWANY NUMER KSIĄŻKI - ISBN
ISBN 8390581620
040 ## - ŹRÓDŁO KATALOGOWANIA
Instytucja, która utworzyła rekord BPK
041 1# - KOD JĘZYKA
Kod języka tekstu pl
080 ## - UNIWERSALNA KLASYFIKACJA DZIESIĘTNA - UKD
UKD 678.5/.7(061.3)
920 ## - Międzynarodowy znormalizowany numer książki – ISBN
ISBN 83-905816-2-0
008 - POLE O STAŁEJ DŁUGOŚCI - DANE KONTROLNE
podpole kontrolne o stałej długości s pl f |000 0 pol
245 00 - TYTUŁ/ODPOWIEDZIALNOŚĆ
Tytuł Tworzywa konstrukcyjne nowej generacji :
Ciąg dalszy tytułu przetwórstwo i zastosowanie /
Pozostałe elementy strefy tytułu i oznaczenia odpowiedzialności [dobór i oprac. ogólne Henryk Zawistowski ; red. Ewa Muniak].
260 ## - STREFA ADRESU WYDAWNICZEGO
Miejsce wydania Warszawa :
Nazwa wydawcy/dystrybutora Wydaw. Poradników i Książek Technicznych Plastech,
Data publikacji, dystrybucji/powstania dokumentu 1997.
300 ## - STREFA OPISU FIZYCZNEGO
Objętość 259 s. :
Inne cechy fizyczne fot., rys., wykr. ;
Rozmiary 21 cm.
490 1# - STREFA SERII I DOKUMENTU WIELOCZĘŚCIOWEGO - FORMA NIE DO WYSZUKIWANIA
Tytuł i oznaczenie odpowiedzialności serii Nowości Techniki. Biblioteka Sympozjów Technicznych PLASTECH
500 ## - UWAGI OGÓLNE
Tekst uwagi Materiały Sympozjum Przetwórstwo Tworzyw Sztucznych PLASTECH'97 Jachranka, 04-06.06.1997 r.
504 ## - UWAGA DOTYCZĄCA BIBLIOGRAFII
Informacje o bibliografii Bibliogr. przy ref.
650 #9 - HASŁO PRZEDMIOTOWE W FORMIE NAZWY OGÓLNEJ LUB JEDNOSTKOWEJ
Nazwa ogólna lub geograficzna Tworzywa konstrukcyjne
Określnik ogólny technologia
650 #9 - HASŁO PRZEDMIOTOWE W FORMIE NAZWY OGÓLNEJ LUB JEDNOSTKOWEJ
Nazwa ogólna lub geograficzna Tworzywa sztuczne
Określnik ogólny stosowanie
650 #9 - HASŁO PRZEDMIOTOWE W FORMIE NAZWY OGÓLNEJ LUB JEDNOSTKOWEJ
Nazwa ogólna lub geograficzna Tworzywa sztuczne
Określnik ogólny technologia
655 ## - TERMIN INDEKSOWY - OKREŚLENIE RODZAJU/FORMY DOKUMENTU
Określenie rodzaju/formy dokumentu Materiały konferencyjne
700 1# - HASŁO DODATKOWE - NAZWA OSOBOWA
Nazwa osobowa ZAWISTOWSKI, Henryk.
Określenie związku między hasłem a opisywanym materiałem Oprac.
700 1# - HASŁO DODATKOWE - NAZWA OSOBOWA
Nazwa osobowa MUNIAK, Ewa.
Określenie związku między hasłem a opisywanym materiałem Red.
830 #0 - HASŁO DODATKOWE SERII LUB DOKUMENTU WIELOCZĘŚCIOWEGO - TYTUŁ UJEDNOLICONY
Tytuł ujednolicony Nowości Techniki.
Nazwa części/sekcji dzieła Biblioteka Sympozjów Technicznych PLASTECH
942 ## - DODATKOWE ELEMENTY (KOHA)
Typ dokumentu Książka
Egzemplarze
Wycofany Status egzemplarza Uszkodzony Dostępność Lokalizacja stała Lokalizacja bieżąca Miejsce przechowywania Sygnatura Kod kreskowy Typ dokumentu
      Dostępny Biblioteka Politechniki Koszalińskiej Biblioteka Politechniki Koszalińskiej Wypożyczalnia BG 41889 01293869 Książka
      Dostępny Biblioteka Politechniki Koszalińskiej Biblioteka Politechniki Koszalińskiej Wypożyczalnia BG 41890 01293852 Książka
© 2023 Biblioteka Politechniki Koszalińskiej :: KOHA